all taylor swift songs (album only!) - Statistics

General Stats
  • This quiz has been taken 506 times
    460 since last reset
  • The average score is 147 of 231
Answer Stats
Hint Answer % Correct
Taylor Swift Tim McGraw
98%
Lover ME! (ft. Brendon Urie)
93%
Speak Now (Taylor's Version) Ours
91%
Taylor Swift Our Song
89%
Fearless (Taylor's Version) Fearless
88%
Red (Taylor's Version) Red
88%
Taylor Swift Teardrops on my Guitar
88%
Lover Lover
86%
Fearless (Taylor's Version) Love Story
86%
Red (Taylor's Version) All Too Well
84%
Red (Taylor's Version) All Too Well (10 Minute Version)
84%
Taylor Swift Picture to Burn
84%
Speak Now (Taylor's Version) Speak Now
84%
Fearless (Taylor's Version) White Horse
82%
folklore cardigan
80%
folklore the 1
80%
Fearless (Taylor's Version) You Belong With Me
80%
Taylor Swift Invisible
79%
Taylor Swift Mary's Song (Oh My My My)
79%
reputation ...Ready For It?
79%
Red (Taylor's Version) State of Grace
79%
Speak Now (Taylor's Version) Back to December
77%
Taylor Swift Cold as You
77%
reputation End Game
77%
Fearless (Taylor's Version) Fifteen
77%
Speak Now (Taylor's Version) Mine
77%
1989 (Taylor's Version) Shake It Off
77%
Speak Now (Taylor's Version) Sparks Fly
77%
evermore willow
77%
Red (Taylor's Version) 22
75%
folklore betty
75%
1989 (Taylor's Version) Blank Space
75%
evermore champagne problems
75%
Speak Now (Taylor's Version) Dear John
75%
reputation Delicate
75%
Red (Taylor's Version) I Knew You Were Trouble
75%
Midnights Maroon
75%
folklore my tears ricochet
75%
1989 (Taylor's Version) Style
75%
Lover The Man
75%
Taylor Swift A Place in This World
73%
folklore august
73%
1989 (Taylor's Version) Bad Blood
73%
Lover Cruel Summer
73%
reputation Dress
73%
Speak Now (Taylor's Version) Enchanted
73%
evermore evermore (ft. Bon Iver)
73%
reputation Getaway Car
73%
reputation New Year's Day
73%
Red (Taylor's Version) We Are Never Ever Getting Back Together
73%
1989 (Taylor's Version) Welcome To New York
73%
Midnights Anti-Hero
71%
Lover Daylight
71%
The Tortured Poets Department Fortnight (ft. Post Malone)
71%
reputation I Did Something Bad
71%
reputation Look What You Made Me Do
71%
Lover The Archer
71%
The Tortured Poets Department The Tortured Poets Department
71%
Lover You Need To Calm Down
71%
Speak Now (Taylor's Version) Castles Crumbling (ft. Hayley Williams)
70%
reputation Don't Blame Me
70%
folklore exile (ft. Bon Iver)
70%
Speak Now (Taylor's Version) Haunted
70%
Midnights Lavender Haze
70%
1989 (Taylor's Version) Out Of The Woods
70%
Taylor Swift Should've Said No
70%
1989 (Taylor's Version) Suburban Legends
70%
The Tortured Poets Department The Black Dog
70%
1989 (Taylor's Version) Wildest Dreams
70%
Lover Afterglow
68%
Taylor Swift A Perfectly Good Heart
68%
Speak Now (Taylor's Version) Better Than Revenge
68%
Speak Now (Taylor's Version) Electric Touch (ft. Fall Out Boy)
68%
reputation Gorgeous
68%
Fearless (Taylor's Version) Hey Stephen
68%
folklore hoax
68%
Speak Now (Taylor's Version) Innocent
68%
Speak Now (Taylor's Version) Mean
68%
1989 (Taylor's Version) "Slut!"
68%
The Tortured Poets Department So Long, London
68%
Speak Now (Taylor's Version) The Story of Us
68%
reputation Call It What You Want
66%
1989 (Taylor's Version) Clean
66%
reputation Dancing With Our Hands Tied
66%
Midnights Karma
66%
reputation King Of My Heart
66%
Lover London Boy
66%
evermore marjorie
66%
Fearless (Taylor's Version) Mr. Perfectly Fine
66%
folklore peace
66%
Red (Taylor's Version) Ronan
66%
Midnights Snow On The Beach (ft. Lana Del Rey)
66%
reputation So It Goes...
66%
folklore the lakes
66%
folklore the last great american dynasty
66%
Midnights You're On Your Own, Kid
66%
1989 (Taylor's Version) All You Had To Do Was Stay
64%
Fearless (Taylor's Version) Bye Bye Baby
64%
Fearless (Taylor's Version) Change
64%
Fearless (Taylor's Version) Forever & Always
64%
folklore illicit affairs
64%
1989 (Taylor's Version) Is It Over Now?
64%
Fearless (Taylor's Version) Jump Then Fall
64%
Speak Now (Taylor's Version) Long Live
64%
Lover Miss Americana and The Heartbreak Prince
64%
1989 (Taylor's Version) Now That We Don't Talk
64%
Lover Paper Rings
64%
Speak Now (Taylor's Version) Superman
64%
Fearless (Taylor's Version) The Best Day
64%
Taylor Swift The Outside
64%
Red (Taylor's Version) Treacherous
64%
Midnights Bejeweled
63%
Fearless (Taylor's Version) Breathe (ft. Colbie Caillat)
63%
Fearless (Taylor's Version) Don't You
63%
Lover False God
63%
Speak Now (Taylor's Version) I Can See You
63%
1989 (Taylor's Version) I Know Places
63%
folklore invisible string
63%
Midnights Midnight Rain
63%
folklore mirrorball
63%
evermore right where you left me
63%
The Tortured Poets Department thanK you aIMee
63%
Fearless (Taylor's Version) The Other Side of The Door
63%
Fearless (Taylor's Version) The Way I Loved You
63%
Taylor Swift Tied Together with a Smile
63%
Speak Now (Taylor's Version) When Emma Falls in Love
63%
Lover Death By A Thousand Cuts
61%
The Tortured Poets Department Florida!!! (ft. Florence + the Machine)
61%
Lover I Forgot That You Existed
61%
Speak Now (Taylor's Version) Last Kiss
61%
1989 (Taylor's Version) New Romantics
61%
evermore no body, no crime (ft. HAIM)
61%
folklore seven
61%
Taylor Swift Stay Beautiful
61%
reputation This Is Why We Can't Have Nice Things
61%
1989 (Taylor's Version) This Love
61%
evermore tolerate it
61%
Fearless (Taylor's Version) You're Not Sorry
61%
The Tortured Poets Department Down Bad
59%
The Tortured Poets Department I Can Do It With a Broken Heart
59%
Taylor Swift I'm Only Me When I'm with You
59%
The Tortured Poets Department loml
59%
Red (Taylor's Version) Message In A Bottle
59%
The Tortured Poets Department My Boy Only Breaks His Favorite Toys
59%
The Tortured Poets Department Peter
59%
Red (Taylor's Version) Run (ft. Ed Sheeran)
59%
1989 (Taylor's Version) Say Don't Go
59%
Lover Soon You'll Get Better (ft. The Chicks)
59%
Fearless (Taylor's Version) That's When
59%
The Tortured Poets Department The Smallest Man Who Ever Lived
59%
Speak Now (Taylor's Version) Timeless
59%
Red (Taylor's Version) Babe
57%
Midnights Bigger Than The Whole Sky
57%
The Tortured Poets Department But Daddy I Love Him
57%
The Tortured Poets Department Cassandra
57%
Lover Cornelia Street
57%
folklore epiphany
57%
evermore gold rush
57%
Red (Taylor's Version) Holy Ground
57%
Lover I Think He Knows
57%
folklore mad woman
57%
Midnights Mastermind
57%
Red (Taylor's Version) Nothing New (ft. Phoebe Bridgers)
57%
Midnights Paris
57%
The Tortured Poets Department Robin
57%
Red (Taylor's Version) Starlight
57%
Fearless (Taylor's Version) Superstar
57%
folklore this is me trying
57%
Fearless (Taylor's Version) Today Was a Fairytale
57%
Midnights Vigilante Shit
57%
Fearless (Taylor's Version) We Were Happy (ft. Keith Urban)
57%
1989 (Taylor's Version) Wonderland
57%
Midnights Would've, Could've, Should've
57%
Fearless (Taylor's Version) Come In With The Rain
55%
evermore cowboy like me
55%
evermore dorothea
55%
Midnights High Infidelity
55%
1989 (Taylor's Version) How You Get The Girl
55%
Lover It's Nice To Have A Friend
55%
1989 (Taylor's Version) I Wish You Would
55%
The Tortured Poets Department So High School
55%
The Tortured Poets Department The Albatross
55%
Red (Taylor's Version) The Last Time (ft. Gary Lightbody)
55%
Red (Taylor's Version) The Very First Night
55%
Red (Taylor's Version) Better Man
54%
The Tortured Poets Department Fresh Out The Slammer
54%
Midnights Glitch
54%
evermore happiness
54%
Red (Taylor's Version) I Bet You Think About Me (ft. Chris Stapleton)
54%
evermore it's time to go
54%
evermore ivy
54%
Speak Now (Taylor's Version) Never Grow Up
54%
Red (Taylor's Version) Stay Stay Stay
54%
Fearless (Taylor's Version) Tell Me Why
54%
The Tortured Poets Department The Manuscript
54%
evermore 'tis the damn season
54%
Fearless (Taylor's Version) Untouchable
54%
1989 (Taylor's Version) You Are In Love
54%
Midnights You're Losing Me
54%
Red (Taylor's Version) Come Back...Be Here
52%
Speak Now (Taylor's Version) Foolish One
52%
The Tortured Poets Department Guilty as Sin?
52%
Midnights Hits Different
52%
Red (Taylor's Version) I Almost Do
52%
Midnights Question...?
52%
Red (Taylor's Version) Sad Beautiful Tragic
52%
The Tortured Poets Department The Alchemy
52%
Fearless (Taylor's Version) You All Over Me (ft. Maren Morris)
52%
The Tortured Poets Department Chloe or Sam or Sophia or Marcus
50%
Red (Taylor's Version) Everything Has Changed (ft. Ed Sheeran)
50%
Red (Taylor's Version) Forever Winter
50%
The Tortured Poets Department imgonnagetyouback
50%
Midnights Labyrinth
50%
Midnights Sweet Nothing
50%
The Tortured Poets Department The Bolter
50%
Midnights The Great War
50%
evermore coney island (ft.The National)
48%
Midnights Dear Reader
48%
The Tortured Poets Department I Look in People's Windows
48%
The Tortured Poets Department The Prophecy
48%
The Tortured Poets Department Who's Afraid of Little Old Me?
48%
Red (Taylor's Version) Begin Again
46%
The Tortured Poets Department Clara Bow
46%
Red (Taylor's Version) The Lucky One
46%
evermore closure
45%
Red (Taylor's Version) Girl At Home
45%
evermore long story short
45%
The Tortured Poets Department I Can Fix Him (No Really I Can)
43%
Red (Taylor's Version) The Moment I Knew
43%
The Tortured Poets Department I Hate It Here
41%
The Tortured Poets Department How Did It End?
36%
No matching quizzes found
Score Distribution
Percent of People with Each Score
Percentile by Number Answered
Your Score History
You have not taken this quiz since the last reset